000 01252nam a2200193Ia 4500
003 Ost
005 20260507075633.0
008 260507s9999||||xx |||||||||||||| ||und||
040 _cfsecg
041 _aara
082 _a658.83
100 _aالصحن، محمد فريد
_eمؤلف
245 0 _aبحوث التسويق مدخل تطبيقي لفعالية القرارات التسويقية /
_c محمد فريد الصحن
260 _aالاسكندرية:
_bالدار الجامعية للنشر,
_c2001
300 _a303 صفحة؛
_bإيضاحات ؛
_c23 سم
520 _aمفهوم وأهمية بحوث التسويق ، بحوث التسويق وفعالية القرارات التسويقية ، أنواع بحوث التسويق ومجالات تطبيقاتها ، المنهج العلمي في بحوث التسويق ، البيانات ودورها في بحوث التسويق ، أساسيات وأنواع المعاينة وإستخداماتها في بحوث التسويق ، القياس والعلاقات اليبية في بحوث التسويق إعداد قوائم الإستقصاء ، الفروض العلمية إعداد التقارير.
653 _aالتسويق-البحوث
942 _cكتاب
999 _c45244
_d45244